000 00745nam a2200181Ia 4500
008 100920s9999 xx 000 0 und d
082 _b67610
_a891.43 थ 94
100 _aसिंह संघसेन/सिंह प्रियसेन.
245 _aभारत के बौध्द तीर्थ-स्थल.
260 _bसूचना और प्रसारण मन्त्रालय, भारत सरकार.
_c1994
300 _a88
_bसाधी
365 _b45
520 _aहिंदी.
630 _aभारत के बौध्द तीर्थ-स्थल.
650 _aहिंदी.
730 _aभारत के बौध्द तीर्थ-स्थल.
942 _cBOOK
999 _c710048
_d710045